STN P CEN/TS 15223: 2009 (64 3034) Potrubné systémy z plastov. Validované návrhové parametre potrubných systémov z termoplastov uložených v zemi
Táto predbežná norma je slovenskou verziou CEN/TS 15223: 2008
| Corporate Author: | |
|---|---|
| Other Authors: | |
| Format: | Book |
| Language: | Slovak English |
| PhysicalDescription: | 28 s. obr., tab. 30 cm |
| Published: |
Bratislava
Slovenský ústav technickej normalizácie
2009
|
| Subjects: |
MARC
| LEADER | 00000nam a2200000 a 4500 | ||
|---|---|---|---|
| 001 | vtls009840157 | ||
| 003 | SK-MaSNL | ||
| 005 | 20260302044055.0 | ||
| 008 | 130117s2009 xo ka f u 000 0 slo | ||
| 015 | |a SNBN2009/03-01097 | ||
| 020 | |c (cen. skup. 12) | ||
| 035 | |a (SVKBBclas03)vtls000304887 | ||
| 040 | |a SNK |b slo |c SNK |e AACR2 | ||
| 041 | 1 | |a slo |h eng | |
| 044 | |a xo |c SK | ||
| 046 | |a s |m 200902 (účin. ) | ||
| 072 | 7 | |a 678 |x Rôzny priemysel založený na makromolekulových materiáloch. Kaučukový priemysel. Plastový priemysel |2 konspekt | |
| 072 | 7 | |a 678.073 |x Termoplasty všeobecne |2 konspekt | |
| 072 | 7 | |a 621.643 |x Zariadenia pe rozvod a distribúciu tekutín. Rúrky. Potrubia |2 konspekt | |
| 080 | |a 006.7/.8 |2 2001 | ||
| 080 | |a (437.6) 2 2001 |2 1981 | ||
| 080 | |a (4) |2 2001 | ||
| 080 | |a 678.073 |2 2001 | ||
| 080 | |a 621.643 |2 2001 | ||
| 084 | |a 23.040.01 |2 ICS | ||
| 130 | 0 | |a STN 64 3034 (STN P CEN/TS 15223) |9 699264 | |
| 245 | 1 | 0 | |a STN P CEN/TS 15223: 2009 (64 3034) Potrubné systémy z plastov. Validované návrhové parametre potrubných systémov z termoplastov uložených v zemi |c spracovateľ VUIS - Vodovody a kanalizácie, spol. s r. o. , Bratislava, Ján Pašek |
| 246 | 1 | 0 | |a Potrubné systémy z plastov |
| 246 | 3 | 0 | |a CEN/TS 15223: 2008 E |
| 246 | 1 | 0 | |a Validované návrhové parametre potrubných systémov z termoplastov uložených v zemi |
| 260 | |a Bratislava |b Slovenský ústav technickej normalizácie |c 2009 | ||
| 300 | |a 28 s. |b obr., tab. |c 30 cm | ||
| 500 | |a Súbežný názov v angličtine, francúzštine, nemčine | ||
| 504 | |a Citované normy, súvisiace normy s. 2 ; literatúra s. 28 | ||
| 520 | 8 | |a Táto predbežná norma je slovenskou verziou CEN/TS 15223: 2008 | |
| 540 | |a STN vydané na akomkoľvek nosiči sa môžu rozmnožovať a rozširovať iba so súhlasom určenej právnickej osoby |b SÚTN Bratislava |c zákon 264/1999 Z. z. | ||
| 650 | 0 | 7 | |a potrubné systémy |2 SVKBBPH |9 304169 |
| 650 | 0 | 7 | |a technické normy a štandardy |z Slovensko |2 SVKBBPH |9 79594 |
| 650 | 0 | 7 | |a technické normy a štandardy |z krajiny Európskej únie |2 SVKBBPH |9 289341 |
| 650 | 0 | 7 | |a plastové potrubné systémy |2 SVKBBPH |9 314076 |
| 655 | 7 | |a normy |2 SVKBBPH |9 70643 | |
| 700 | 1 | |a Pašek, Ján |4 trl |9 320550 | |
| 710 | 2 | |a VUIS - Vodovody a kanalizácie (Bratislava, Slovensko) |4 aut |9 158151 | |
| 710 | 2 | |a Slovenský ústav technickej normalizácie (Bratislava, Slovensko). |b Technická komisia č. 26 Rúry, tvarovky a armatúry z plastov |4 stn |9 330134 | |
| 710 | 2 | |a Slovenský ústav technickej normalizácie (Bratislava, Slovensko). |b Technická komisia č. 1 Vodovody a kanalizácie |4 stn |9 306998 | |
| 958 | |a OP | ||
| 999 | |c 1088621 |d 1090551 | ||
| 952 | |a SNK |b SNK |y PREZ |7 0 |p 17A0613299 |o snkSTN P CEN/TS 15223 |i snk2009/4100 |8 0 |0 0 |1 0 |4 0 |d 2009-03-02 |l 0 |r 2026-02-24 16:49:14 |w 2026-02-24 | ||
| 952 | |a SNK |b SNK |y PREZ |7 0 |p 17A0613300 |o snkSTN P CEN/TS 15223 D1 |i snk2009/4101 |8 0 |0 0 |1 0 |4 0 |d 2009-03-02 |l 0 |r 2026-02-24 16:49:14 |w 2026-02-24 | ||


